[Event "Challenge"]
[Site "http://www.queenalice.com/game.php?id=491793"]
[Date "2008.11.11"]
[Round "-"]
[White "oilman58"]
[Black "backnine"]
[Result "1-0"]
[WhiteElo "1763"]
[BlackElo "1604"]

1. c4 e5 2. Nc3 Nf6 3. d4 Qe7 4. dxe5 Qxe5 5. Nf3 Qe6 6. e3 Bb4 7. Ng5 Qe7 8.
Bd2 O-O 9. Qc2 d6 10. Nce4 Bxd2+ 11. Kxd2 Nxe4+ 12. Nxe4 Bf5 13. Bd3 Nd7 14.
Rad1 c6 15. h4 Rac8 16. Kc1 a5 17. Nxd6 Bxd3 18. Qxd3 Rb8 19. Nf5 Qe6 20. Qxd7
Qxd7 21. Rxd7 b5 22. Ne7+ Kh8 23. Nxc6 Rbc8 24. Nxa5 bxc4 25. Kc2 c3 26. b3 Ra8
27. b4 Rac8 28. Rhd1 Kg8 29. R1d3 Rce8 30. Kxc3 g6 31. Nb7 Kg7 32. g4 Re4 33. f3
Re6 34. Nd8 Ra6 35. Kb3 Rf6 36. e4 h5 37. e5 Rb6 38. e6 Rb8 39. exf7 Rb6 40.
R3d6 Rb5 41. Ne6+ 1-0

[Event "Challenge"]
[Site "http://www.queenalice.com/game.php?id=515088"]
[Date "2008.12.31"]
[Round "-"]
[White "backnine"]
[Black "oilman58"]
[Result "1-0"]
[WhiteElo "1690"]
[BlackElo "1783"]

1. e4 e5 2. Nf3 Nc6 3. d3 Bc5 4. g3 Nf6 5. Bg2 O-O 6. O-O d6 7. c3 Ne7 8. Nbd2
Ng6 9. b4 Bb6 10. d4 c6 11. Ba3 exd4 12. cxd4 Re8 13. Bb2 Nxe4 14. a3 d5 15. Re1
a5 16. Qb3 a4 17. Qc2 Nxd2 18. Qxd2 Be6 19. Ng5 Qd7 20. Qd1 Bg4 21. Qd2 h6 22.
Nf3 Bd8 23. Rxe8+ Qxe8 24. Re1 Qd7 25. Ne5 Qf5 26. Qd3 Qxd3 27. Nxd3 Bf6 28. Nc5
b5 29. Bf1 Ne7 30. Bd3 h5 31. Be2 Bxe2 32. Rxe2 Nf5 33. Re1 Bxd4 34. Bxd4 Nxd4
35. Re7 Kf8 36. Rc7 g6 37. Nd7+ Kg7 38. Ne5 Rf8 39. Kf1 Ne6 40. Rxc6 Re8 41. Nf3
Re7 42. Rb6 Nc7 43. Nd4 Ne6 44. Nf3 d4 45. Rxb5 Rd7 46. Ke1 d3 47. Ra5 Nd4 48.
Nxd4 Rxd4 49. Rxa4 d2+ 50. Kd1 Rd6 51. b5 Kf8 52. Rb4 1-0

[Event "Challenge"]
[Site "http://www.queenalice.com/game.php?id=515089"]
[Date "2008.12.31"]
[Round "-"]
[White "oilman58"]
[Black "backnine"]
[Result "1-0"]
[WhiteElo "1773"]
[BlackElo "1631"]

1. e3 e5 2. d4 Qe7 3. Be2 Nf6 4. Nc3 d6 5. Nf3 g6 6. O-O Bg7 7. h3 c6 8. dxe5
dxe5 9. e4 O-O 10. Bc4 b6 11. Bg5 Qe8 12. Qe2 Bb7 13. Rad1 Nbd7 14. Rd3 a5 15.
a4 Nh5 16. Qd2 Bc8 17. g4 Nhf6 18. Rd1 Ra7 19. Bh6 Rc7 20. Ne2 Nxe4 21. Qe3 Nec5
22. Ra3 e4 23. Nd2 Qe5 24. Bf4 Qxb2 25. Bxc7 Qxc2 26. Rb1 Ne5 27. Rc3 Nf3+ 28.
Qxf3 Qxb1+ 29. Nxb1 exf3 30. Rxf3 Nxa4 31. Bd6 b5 32. Bxf8 Bxf8 33. Rxf7 h5 34.
Rc7+ Kh8 35. Rxc8 Kg7 36. Rc7+ Kh8 37. Ba2 Nc5 38. Nf4 hxg4 39. Nxg6# 1-0

[Event "Challenge"]
[Site "http://www.queenalice.com/game.php?id=533975"]
[Date "2009.2.3"]
[Round "-"]
[White "oilman58"]
[Black "eder"]
[Result "0-1"]
[WhiteElo "1747"]
[BlackElo "1336"]

1. a3 e5 2. b4 d5 3. e3 f5 4. Nf3 Nd7 5. Bb2 Bd6 6. Bb5 c6 7. Ba4 Ngf6 8. h3 O-O
9. O-O e4 10. Ng5 Qe7 11. d3 Ng4 12. Bxg7 Qxg7 13. Nd2 Qxg5 14. hxg4 fxg4 15.
Re1 Qh4 16. Nf1 Qxf2+ 17. Kh1 Qh4+ 18. Kg1 Bg3 19. Nxg3 Qxg3 20. dxe4 Rf2 21.
Qxg4+ Qxg4 22. Kxf2 Qxe4 23. Rh1 Ne5 24. Bb3 Ng4+ 25. Ke2 Qxe3+ 26. Kf1 Qf2# 0-1

[Event "Challenge"]
[Site "http://www.queenalice.com/game.php?id=543268"]
[Date "2009.2.20"]
[Round "-"]
[White "ORNELAS"]
[Black "oilman58"]
[Result "0-1"]
[WhiteElo "1506"]
[BlackElo "1763"]

1. d4 d5 2. e3 Nf6 3. c4 b6 4. b4 e6 5. c5 c6 6. a4 Be7 7. Bd2 O-O 8. Nf3 Nbd7
9. Bd3 bxc5 10. bxc5 Nb8 11. Ng5 h6 12. Nf3 Nbd7 13. a5 Nh7 14. O-O Ng5 15. Nxg5
Bxg5 16. Bb4 Re8 17. Qc2 g6 18. g3 Nf8 19. h4 Bf6 20. Nd2 h5 21. Nf3 e5 22. dxe5
Bxe5 23. Nxe5 Rxe5 24. Bxg6 fxg6 25. Kh2 Re4 26. Bd2 Qc7 27. Qc3 Rxh4+ 28. Kg2
Bh3+ 29. Kg1 Rg4 30. Rfe1 Rxg3+ 31. Kh2 Rg2+ 32. Kxh3 Qh2# 0-1

[Event "Challenge"]
[Site "http://www.queenalice.com/game.php?id=543280"]
[Date "2009.2.20"]
[Round "-"]
[White "ORNELAS"]
[Black "oilman58"]
[Result "1-0"]
[WhiteElo "1533"]
[BlackElo "1769"]

1. d4 d5 2. e3 c5 3. dxc5 Qa5+ 4. c3 Qxc5 5. b4 Qd6 6. Nf3 Nf6 7. g3 e5 8. Bg2
Bf5 9. Ng5 h6 10. Nf3 Bg4 11. O-O e4 12. Qa4+ Nbd7 13. Nd4 a6 14. Nd2 Be7 15. a3
O-O 16. h3 Bh5 17. Nf5 Qe5 18. Nxe7+ Qxe7 19. c4 Be2 20. Re1 Bxc4 21. Nxc4 dxc4
22. Bb2 Rfc8 23. Bc3 Nb6 24. Qc2 Nbd5 25. Rad1 Nxc3 26. Qxc3 b5 27. Rf1 Rd8 28.
Qc2 Rxd1 29. Rxd1 a5 30. Rd4 axb4 31. axb4 Qxb4 32. Bxe4 Nxe4 33. Qxe4 Qe1+ 34.
Kg2 Qa1 35. Rd7 Rf8 36. Qe7 Qf6 37. Qc5 Qa6 38. Kg1 Qa4 39. Qc6 Qa1+ 40. Kg2 Qe5
41. Qb7 f5 42. Re7 Qf6 43. Rc7 Qe5 44. Re7 Qf6 45. Rc7 Qb2 46. Qd5+ Kh7 47. Qc5
Rg8 48. Rb7 f4 49. exf4 Qc2 50. Rxb5 1-0

[Event "Challenge"]
[Site "http://www.queenalice.com/game.php?id=547451"]
[Date "2009.2.27"]
[Round "-"]
[White "sejalivre"]
[Black "oilman58"]
[Result "1-0"]
[WhiteElo "1454"]
[BlackElo "1769"]

1. e4 a6 2. d4 b5 3. e5 e6 4. Nf3 Bb7 5. Nc3 Bb4 6. Bd3 d6 7. O-O Ne7 8. Ne4 h6
9. c3 Ba5 10. b4 Bb6 11. a4 d5 12. Ng3 Bc6 13. axb5 axb5 14. Rxa8 Bxa8 15. Bxb5+
c6 16. Bd3 Bb7 17. Nh5 Rg8 18. Bh7 Rh8 19. Nxg7+ Kf8 20. Qc2 Ng8 21. Nxe6+ 1-0

[Event "Challenge"]
[Site "http://www.queenalice.com/game.php?id=564351"]
[Date "2009.3.31"]
[Round "-"]
[White "oilman58"]
[Black "backnine"]
[Result "1-0"]
[WhiteElo "1744"]
[BlackElo "1756"]

1. h3 e5 2. e4 g6 3. g4 d6 4. Bc4 Bg7 5. Qf3 Qf6 6. Nc3 c6 7. d3 Qxf3 8. Nxf3
Nd7 9. Bg5 a5 10. Bh4 Ngf6 11. g5 Nh5 12. O-O-O b5 13. Bxb5 cxb5 14. Nxb5 O-O
15. Nxd6 Ba6 16. Rd2 Rfd8 17. Rg1 Nf4 18. Rh1 Bf8 19. Nc4 Bxc4 20. dxc4 Bb4 21.
c3 Bc5 22. Rhd1 Ra7 23. Nxe5 Ra6 24. Nxd7 Be7 25. Nf6+ Kg7 26. Rxd8 Bxd8 27.
Rxd8 Ne6 28. Rg8# 1-0

[Event "Challenge"]
[Site "http://www.queenalice.com/game.php?id=568457"]
[Date "2009.4.7"]
[Round "-"]
[White "sejalivre"]
[Black "oilman58"]
[Result "0-1"]
[WhiteElo "1556"]
[BlackElo "1760"]

1. c4 e5 2. Nc3 Nc6 3. e3 Nf6 4. Nf3 Bc5 5. a3 O-O 6. Qc2 d5 7. Ng5 g6 8. f4
exf4 9. Bd3 fxe3 10. O-O e2+ 11. Kh1 exf1=Q+ 12. Bxf1 Ng4 13. d4 Bxd4 14. Nxd5
Nf2+ 15. Kg1 Ne4+ 16. Kh1 Nxg5 17. Bf4 Bf5 18. Bd3 Bxd3 19. Qxd3 Bxb2 20. Rf1
Be5 21. Be3 Qd6 22. Bxg5 Rae8 23. Qh3 Na5 24. Be7 Rxe7 25. Nxe7+ Qxe7 26. c5
Qxc5 27. Qd3 Qc4 28. Qf3 Nb3 29. Qxb7 Qxf1# 0-1

[Event "Challenge"]
[Site "http://www.queenalice.com/game.php?id=650148"]
[Date "2009.9.10"]
[Round "-"]
[White "backnine"]
[Black "oilman58"]
[Result "0-1"]
[WhiteElo "1737"]
[BlackElo "1728"]

1. e4 c5 2. d3 e5 3. Nf3 Nc6 4. c3 Nf6 5. Bg5 Be7 6. g3 O-O 7. Bg2 h6 8. Bc1 d5
9. Qe2 b5 10. O-O a5 11. a3 g5 12. Qc2 dxe4 13. dxe4 h5 14. Bxg5 Kh8 15. Re1 c4
16. Nbd2 Rg8 17. Rad1 Qe8 18. Bh4 Nh7 19. Bxe7 Nxe7 20. Nxe5 Ra6 21. Rc1 Rh6 22.
Ndf3 f6 23. Nxc4 bxc4 24. Nh4 Ng6 25. Nf5 Bxf5 26. exf5 Qb8 27. fxg6 Rgxg6 28.
Qa4 Rg8 29. Qxa5 h4 30. Qb4 Qc8 31. Bd5 hxg3 32. fxg3 Qh3 33. Rc2 Ng5 34. Qd6 f5
35. Qe5+ Rg7 36. Qe8+ Kh7 37. Re7 Rg6 38. Qg8+ Kh6 39. Rxg7 Rxg7 40. Qf8 Qh5 41.
Qxf5 Nh3+ 42. Kg2 Qxf5 0-1

[Event "Challenge"]
[Site "http://www.queenalice.com/game.php?id=650149"]
[Date "2009.9.10"]
[Round "-"]
[White "oilman58"]
[Black "backnine"]
[Result "1-0"]
[WhiteElo "1717"]
[BlackElo "1602"]

1. b4 Nf6 2. Bb2 e6 3. b5 Qe7 4. e3 d6 5. d4 g6 6. Nf3 Nbd7 7. Bd3 e5 8. O-O Bg7
9. c4 O-O 10. a4 a6 11. Na3 c6 12. h4 Nb6 13. dxe5 dxe5 14. Bxe5 Bg4 15. Bd4
Bxf3 16. Qxf3 Nxa4 17. bxc6 Nc5 18. Bxc5 Qd7 19. cxd7 Rfd8 20. Qxb7 Rab8 21.
Qxa6 Nxd7 22. Rab1 Nxc5 23. Qa7 Rbc8 24. Bc2 Nd7 25. Rb7 Ne5 26. Rc7 Rxc7 27.
Qxc7 Rf8 28. Rd1 Ng4 29. Rd8 h5 30. Rxf8+ Bxf8 31. c5 Nh6 32. c6 Bxa3 33. Qb7
Kg7 34. c7 1-0

[Event "Challenge"]
[Site "http://www.queenalice.com/game.php?id=703651"]
[Date "2009.12.26"]
[Round "-"]
[White "oilman58"]
[Black "thedead"]
[Result "1-0"]
[WhiteElo "1744"]
[BlackElo "1634"]

1. Nf3 d5 2. d4 e6 3. Bf4 Nf6 4. e3 c5 5. c4 Nc6 6. Be2 Be7 7. Nc3 a6 8. Ne5 O-O
9. O-O Ne4 10. Nxe4 dxe4 11. Nxc6 bxc6 12. f3 exf3 13. Bxf3 Bb7 14. Qb3 Ra7 15.
Rad1 Qa5 16. h3 Rb8 17. a3 Rd8 18. Qa2 Qb6 19. Rd3 Bf6 20. dxc5 Qa5 21. b4 1-0

[Event "Challenge"]
[Site "http://www.queenalice.com/game.php?id=706193"]
[Date "2009.12.31"]
[Round "-"]
[White "oilman58"]
[Black "backnine"]
[Result "1-0"]
[WhiteElo "1739"]
[BlackElo "1704"]

1. a4 e5 2. Na3 c6 3. d4 Qa5+ 4. c3 d6 5. Nc4 Qc7 6. e4 Be7 7. Be2 Nf6 8. Bg5
O-O 9. Bxf6 Bxf6 10. Bg4 Bxg4 11. Qxg4 exd4 12. cxd4 Bxd4 13. Rd1 Be5 14. Nf3
Nd7 15. O-O a6 16. Rd3 b5 17. Ne3 Bxb2 18. Nf5 g6 19. Ng5 Bf6 20. Rxd6 Bxg5 21.
Rxd7 Qe5 22. f4 Qc5+ 23. Kh1 Qc4 24. Ng3 Bd8 25. f5 bxa4 26. h4 Bf6 27. Rfd1
Rad8 28. Nh5 Qc3 29. Nxf6+ Qxf6 30. fxg6 hxg6 31. e5 Qxe5 32. Rxd8 a3 33. Rxf8+
Kxf8 34. Qb4+ Kg7 35. Qxa3 Qe2 36. Qa1+ Kh7 37. Rd7 Qe8 38. Ra7 Kh6 39. Rxa6 Kh5
40. Qc1 1-0

[Event "Challenge"]
[Site "http://www.queenalice.com/game.php?id=706194"]
[Date "2009.12.31"]
[Round "-"]
[White "backnine"]
[Black "oilman58"]
[Result "1-0"]
[WhiteElo "1721"]
[BlackElo "1756"]

1. e4 e5 2. d3 c5 3. g3 a5 4. a4 g5 5. Nf3 f6 6. Nc3 d6 7. Nd5 Bg4 8. Bg2 Nc6 9.
c3 Nge7 10. Nxf6+ Kf7 11. Nxg4 h6 12. O-O Qd7 13. Ne3 g4 14. Nh4 h5 15. Qd2 Bh6
16. Qc2 Ng8 17. Nef5 Bxc1 18. Qxc1 Nd8 19. Qg5 Ne6 20. Qe3 Rf8 21. f3 Ng7 22.
Nxg7 Kxg7 23. Qg5+ Kf7 24. Ng6 Kg7 25. Nxh8+ Kxh8 26. Qxh5+ Kg7 27. Qxg4+ Qxg4
28. fxg4 1-0

[Event "Challenge"]
[Site "http://www.queenalice.com/game.php?id=715379"]
[Date "2010.1.17"]
[Round "-"]
[White "backnine"]
[Black "oilman58"]
[Result "1-0"]
[WhiteElo "1737"]
[BlackElo "1770"]

1. e4 Nc6 2. c3 b6 3. Nf3 Bb7 4. d3 Nf6 5. Bg5 e6 6. Nbd2 Be7 7. g3 O-O 8. Bg2
h6 9. Bxf6 Bxf6 10. O-O Ba6 11. a4 Bxd3 12. Re1 Na5 13. Bf1 Bxf1 14. Rxf1 c5 15.
Re1 Re8 16. e5 Be7 17. Rb1 d5 18. b4 Nb7 19. bxc5 Nxc5 20. Nd4 Rc8 21. Nb5 Qd7
22. Ra1 a6 23. Nd4 Rc7 24. f3 Rec8 25. Nb1 f6 26. exf6 Bxf6 27. a5 Bxd4+ 28.
cxd4 Nb7 29. axb6 Rc6 30. Rxa6 Rc1 31. Qd2 Rxe1+ 32. Qxe1 Qb5 33. Ra1 Qxb6 34.
Qd2 e5 35. Nc3 exd4 36. Nxd5 Qd6 37. Qxd4 Rc5 38. Ra8+ Kf7 39. Qf4+ Qxf4 40.
Nxf4 Rc1+ 41. Kg2 Kf6 42. Rf8+ Ke7 43. Ng6+ Ke6 44. h4 Nd6 45. Nf4+ Ke7 46. Rg8
Kf7 47. Rd8 Ke7 48. Rg8 Kf7 49. Rb8 Kf6 50. Kh3 Kf7 51. Kg4 Rh1 52. Rd8 Ne8 53.
Rd7+ Kf6 54. Nh5+ Ke6 55. Rb7 g6 56. Nf4+ Kf6 57. Rb6+ Ke5 58. Re6+ 1-0

[Event "Challenge"]
[Site "http://www.queenalice.com/game.php?id=715380"]
[Date "2010.1.17"]
[Round "-"]
[White "oilman58"]
[Black "backnine"]
[Result "1-0"]
[WhiteElo "1754"]
[BlackElo "1749"]

1. g3 e5 2. e4 Nf6 3. Bg2 Bc5 4. d3 d5 5. Bd2 Ng4 6. Nh3 Nc6 7. O-O Be6 8. exd5
Bxd5 9. Bxd5 Qd7 10. Bf3 h5 11. Ng5 Nd4 12. Bxb7 Rb8 13. Ba6 Rxb2 14. Bc3 Rb6
15. Bxd4 Bxd4 16. c3 Bc5 17. Bc4 Bxf2+ 18. Rxf2 Nxf2 19. Qf3 Rf6 20. Qa8+ Ke7
21. Qxh8 Nh3+ 22. Nxh3 Qxh3 23. Nd2 g6 24. Ne4 Rf5 25. Bb5 1-0

[Event "Challenge"]
[Site "http://www.queenalice.com/game.php?id=724601"]
[Date "2010.2.2"]
[Round "-"]
[White "zemaria"]
[Black "oilman58"]
[Result "0-1"]
[WhiteElo "1881"]
[BlackElo "1753"]

1. e4 e5 2. Nf3 Nc6 3. d4 Nf6 4. d5 Nxe4 5. dxc6 Nxf2 6. Kxf2 e4 7. Nd4 dxc6 8.
Be2 Bc5 9. c3 O-O 10. Re1 Qf6+ 11. Kg1 Rd8 12. Be3 Bb6 13. Qc1 Qg6 14. g3 c5 15.
Nc2 c6 16. Nd2 Bc7 17. Bf1 h5 18. Bg2 f5 19. Bxc5 h4 20. Bd4 hxg3 21. h3 Qh6 22.
Nf1 Qg6 23. Rd1 f4 24. Re1 f3 25. Bxf3 exf3 26. Re7 f2+ 27. Kg2 Rxd4 28. Nxd4
Bd6 29. Re3 c5 30. Qc2 Qh5 31. Qb3+ Kh8 32. Ne6 b6 33. Rd1 Bb7+ 0-1

[Event "Challenge"]
[Site "http://www.queenalice.com/game.php?id=737862"]
[Date "2010.2.26"]
[Round "-"]
[White "oilman58"]
[Black "zemaria"]
[Result "1-0"]
[WhiteElo "1774"]
[BlackElo "1795"]

1. d4 Nf6 2. Nc3 d5 3. Bg5 Bf5 4. Nf3 e6 5. e3 a6 6. Bd3 Bxd3 7. Qxd3 Be7 8.
O-O-O Ng4 9. Bxe7 Qxe7 10. Qe2 O-O 11. e4 dxe4 12. Nxe4 b5 13. Ne5 Nxe5 14. dxe5
Nc6 15. Qg4 Nxe5 16. Qg3 Nc4 17. Rd3 f6 18. Rhd1 a5 19. Rd7 Rf7 20. Rxe7 f5 21.
Rxf7 Kxf7 22. Rd7+ Kf8 23. Qxg7+ Ke8 24. Qe7# 1-0

[Event "Challenge"]
[Site "http://www.queenalice.com/game.php?id=756203"]
[Date "2010.4.4"]
[Round "-"]
[White "jadetiger7"]
[Black "oilman58"]
[Result "0-1"]
[WhiteElo "1817"]
[BlackElo "1791"]

1. e4 e5 2. Nf3 Nc6 3. c3 Nf6 4. d4 Nxe4 5. dxe5 Bc5 6. Be3 g5 7. Qd5 Bxe3 8.
fxe3 g4 9. Nd4 Ng5 10. Bc4 Ne7 11. Qb5 c6 12. Qb3 Ng6 13. O-O O-O 14. Nd2 Nxe5
15. Nf5 Nxc4 16. Qxc4 d5 17. Qd4 Bxf5 18. Rxf5 h6 19. Qxg4 f6 20. h4 Qe7 21. Re1
d4 22. hxg5 hxg5 23. Ne4 dxc3 24. bxc3 Rae8 25. Nxf6+ Rxf6 26. Rxg5+ Kh7 27.
Rh5+ Rh6 28. Rf1 Qxe3+ 29. Kh1 Rxh5+ 30. Qxh5+ Kg8 31. Qg6+ Kh8 32. Qg4 Qh6+ 33.
Kg1 c5 34. Qf3 Qe3+ 35. Kh1 Qxf3 36. gxf3 Re2 37. Kg1 Rxa2 38. Rf2 Ra3 39. Rc2
Kg7 40. Kf2 Kf6 41. Ke3 Kf5 42. Kd3 b5 43. Kd2 c4 0-1

[Event "Challenge"]
[Site "http://www.queenalice.com/game.php?id=756204"]
[Date "2010.4.4"]
[Round "-"]
[White "oilman58"]
[Black "jadetiger7"]
[Result "1/2-1/2"]
[WhiteElo "1791"]
[BlackElo "1787"]

1. Nf3 e6 2. g3 c5 3. Bg2 d5 4. O-O Nc6 5. d4 Nf6 6. Bg5 h6 7. Bxf6 Qxf6 8. c3
Bd6 9. Nbd2 cxd4 10. Rc1 O-O 11. Nb3 e5 12. cxd4 e4 13. Nfd2 Nxd4 14. Nxd4 Qxd4
15. Qc2 e3 16. fxe3 Qxe3+ 17. Rf2 b6 18. Bxd5 Bc5 19. Rf1 Rb8 20. Kh1 Be6 21.
Bxe6 Qxe6 22. Rf3 Kh8 23. Nb3 Rbc8 24. Nxc5 Rxc5 25. Rc3 Rfc8 26. Rff3 Qxa2 27.
Rxc5 Rxc5 28. Rc3 a5 29. Rxc5 bxc5 30. Qxc5 Qxb2 31. Qc8+ Kh7 32. Qf5+ Kg8 33.
Qc8+ Kh7 34. Qf5+ Kg8 35. Qc8+ Kh7 1/2-1/2